| 000 | 00383cam a22001097a 4500 | ||
|---|---|---|---|
| 008 | 180718b1946 xxu||||| |||| 00| 0 eng d | ||
| 082 | _aR6x54 In2Plant | ||
| 100 | _aLabour Investigation Committee | ||
| 245 |
_aReport on an enquiy into conditions of labour in plantations in India _cby Labour Investigation Committee |
||
| 260 |
_aDelhi _bManager Publications _c1946 |
||
| 300 | _aix, 234p | ||
| 999 |
_c496153 _d496153 |
||